000 00451nam a2200181Ia 4500
001 22385
005 20260414150828.0
008 260414t2013||||xx |||||||||||||| ||spa||
041 _aESP
082 _a621.38
_bT864A
100 _aTokheim, Roger L.
_eAUT
245 0 _aElectrónica digital :
_bprincipios y aplicaciones
260 _c2013
300 _axi, 178 páginas :
_c24 cm.
650 _aTCA
654 _aCET
942 _cLIB
_dJUS
_fJUS
_2ddc
_n
999 _c22385
_d22385